Mohan Bhagwat / (Record no. 172284)

MARC details
000 -LEADER
fixed length control field 00585nam a22001937a 4500
005 - DATE AND TIME OF LATEST TRANSACTION
control field 20200131105231.0
010 ## - LCCN (DPL NO)
LC control number ENG-127581
020 ## - INTERNATIONAL STANDARD BOOK NUMBER
International Standard Book Number 9789380920764
Terms of availability 795.00
035 ## - SYSTEM CONTROL NUMBER
System control number EN-111113
037 ## - SOURCE OF ACQUISITION
Source of stock number/acquisition DBAD/PUB
082 ## - DEWEY DECIMAL CLASSIFICATION NUMBER
Classification number 954.05
100 ## - MAIN ENTRY--PERSONAL NAME
Personal name M.K Singh
245 ## - TITLE STATEMENT
Title Mohan Bhagwat /
Statement of responsibility, etc by M.K. Singh
260 ## - PUBLICATION, DISTRIBUTION, ETC. (IMPRINT)
Place of publication, distribution, etc New Delhi
Name of publisher, distributor, etc Sun Shine Books
Date of publication, distribution, etc 2019
270 ## - ADDRESS
City New Delhi
Address 4760-4761, 2nd Floor, 23 Ansari Road, Daryaganj
Postal code 11000
300 ## - PHYSICAL DESCRIPTION
Extent 196p.
Other physical details 22 cm(hb)
500 ## - GENERAL NOTE
General note include Bibliographical references and index
942 ## - ADDED ENTRY ELEMENTS (KOHA)
Source of classification or shelving scheme Dewey Decimal Classification
Item type English Books
Classification part 954.05
Call number suffix MAD
Holdings
Withdrawn status Lost status Not for loan Collection code Home library Current library Date acquired Source of acquisition Cost, normal purchase price Full call number Barcode Copy number Cost, replacement price Koha item type
      Non-fiction Sarojini Nagar Sarojini Nagar 31/01/2020 DBAD/PUB 795.00 954.05 MAD EN-111113 1 795.00 English Books

© Delhi Public Library
Hit Counter
free hit counter